000
00452nam a2200169Ia 4500
008
090711s9999 xx 000 0 und d
082
_b
74553
100
_a
काळे वैजयंती
245
_a
सार्थक
260
_c
1994
300
_a
190
600
_a
काळे वैजयंती
630
_a
सार्थक
700
_a
काळे वैजयंती
730
_a
सार्थक
942
_c
BOOK
999
_c
293337
_d
293337